000 01134cam a2200313 i 4500
001 24294
003 Mx-PuUPA
005 20251022113807.0
008 140415s1987 mau fr 000 0 eng d
020 _a0669145777
_qpasta dura
040 _aMx-PuUPA
_bspa
_cMx-PuUPA
_dMx-PuUPA
_erda
041 0 _aeng
043 _an-us---
100 1 _aMiller, Roger-Emile,
_917556
_eautor
245 1 0 _aGrowing the next Silicon Valley :
_ba guide for successful regional planning /
_cRoger Miller, Marcel Côté
264 1 _aMassachusetts :
_bHeath and Companny,
_c©1987
300 _a158 páginas :
_bdiagramas, tablas ;
_c24 cm
336 _2rdacontent
_atexto
_btxt
337 _2rdamedia
_asin medio
_bn
338 _2rdacarrier
_avolumen
_bnc
650 7 _913986
_2armarc
_aPlanificación regional
_zEstados Unidos
650 7 _2armarc
_aEconomía regional
650 7 _2armarc
_aAlta tecnología
_zEstados Unidos
700 1 _aCôte, Marcel,
_eautor
942 _2ddc
_cLI
_h338.973
_iM63
999 _c24294
_d24294